HOT TO GO! (Lyrics)- Chappell Roan - Statistics

General Stats
  • This quiz has been taken 332 times
    331 since last reset
  • The average score is 272 of 346
Answer Stats
Answer % Correct
go
97%
hot
97%
hot?
97%
to
97%
I
95%
you
95%
You
95%
me
94%
me?
94%
a
93%
can
92%
take
92%
it
88%
your
88%
do
83%
It's
83%
it's
83%
the
83%
and
82%
And
82%
be
81%
H-O-T-T-O-G-O
81%
No
80%
When
80%
with
80%
this
79%
you're
79%
in
78%
like
78%
one
78%
toes
78%
touch
78%
Who
78%
Baby
76%
baby
76%
clap
76%
degrees
76%
doing
75%
so
75%
addiction
74%
dance
74%
Dance
74%
hundred
74%
my
74%
new
74%
not
74%
body
73%
Call
73%
call
73%
ninety-nine
73%
roll
73%
but
72%
could
72%
made
72%
Snap
72%
want
72%
beat?
71%
you'd
71%
don't
70%
pretty
70%
up
70%
get
69%
I'll
69%
now
69%
city
68%
hands
68%
girl?
66%
non-fiction
66%
all
64%
head
64%
sleep
64%
blame
63%
here
63%
Raise
63%
world
63%
at
62%
or
62%
home?
60%
home
60%
I'm
60%
minute
58%
out
58%
damn
57%
feelings
57%
hurts
57%
number?
57%
come
56%
for
56%
Hurry
56%
there
56%
try
56%
What's
56%
have
55%
care
54%
staring
54%
touched
54%
ceiling
53%
time
53%
woke
52%
one's
51%
alone
50%
getting
49%
bring
48%
Is
48%
supper
48%
cold
47%
cab
46%
stare
43%
coming
41%
Order
41%
anyone
34%
else
34%
Whew
30%
Whoo
30%
Well
25%
Okay
21%
No matching quizzes found
Score Distribution
Percent of People with Each Score
Percentile by Number Answered
Your Score History
You have not taken this quiz since the last reset